000 00595nam a2200205Ii 4500
003 JO-AjNU
008 230605s9999||||xx |||||||||||||| ||und||
040 _aJO-AjNU
_bara
_erda
_cJO-AjNU
041 _aara
050 1 4 _aQC21.2 2008
100 3 _aاكزيل ، امير ,
_eauthor
_933834
245 0 0 _aالتعالق اكبر لغز الفيزياء
250 _aط1
264 3 1 _aالقاهرة :د.م.ن ،2008
300 _a262ص
336 _atext
_btxt
_2rdacontent
337 _aunmediated
_bn
_2rdamedia
338 _avolume
_bnc
_2rdacarrier
650 4 _aالفيزياء
_933835
999 _aA13811
_c17379
_d17379